000 00597nam a22002057a 4500
003 DO-SdBNP
005 20211022114919.0
007 ta
008 210625e2004 dr ||||grl||| 00| 0 spa d
040 _aDO-SdBNP
_bspa
_cBNPHU
041 _hspa
082 4 _a342.729302
_bR426c, 2004
245 0 0 _aConstitución de la República :
_bproclamada el 25 de julio del 2002
260 _aSanto Domingo :
_bParticipación Ciudadana,
_c2004
300 _a116 p. ;
_c11 cm.
590 _aInventariado 2021 / MF
650 1 4 _aRepública dominicana
_xConstitución
_935754
910 _aMF
942 _2ddc
_cLBS1
999 _c50000
_d50000